| 000 | 00782nam a2200229Ia 4500 | ||
|---|---|---|---|
| 003 | GCL | ||
| 008 | 140319s9999 xx 000 0 ara d | ||
| 040 |
_aGCL / _cGCL |
||
| 082 | 0 | 4 |
_a178.8 _bا د |
| 100 | 1 | _aاسماعيل حلمى | |
| 245 | 1 | 0 |
_aدور وسائل الاعلام فى مكافحة المخدرات / _cاسماعيل حلمى |
| 260 |
_a[S.N] : _bالهيئة المصرية العامة للكتاب ، _c1994 |
||
| 300 | _a151 ص | ||
| 490 | _a | ||
| 650 | 0 | 4 | _aادمان المخدرات |
| 650 | 0 | 4 | _aالمخدرات والشباب |
| 650 | 0 | 4 | _aالمخدرات |
| 650 | 0 | 4 | _aمكافحة المخدرات |
| 650 | 0 | 4 | _aالجوانب الاخلاقية والدينية |
| 650 | 0 | 4 | _aوسائل الاعلام والشباب |
| 942 |
_2ddc _cBK |
||
| 999 |
_c33189 _d33189 |
||